Statystyki dla Historia quiz #3 - Epoki historyczne

Kliknij tutaj aby rozwiązać quiz!

Ogólne statystyki

  • Ten quiz został rozwiązany 165 razy
  • Średni wynik to 4 z 6

Statystyki odpowiedzi

Epoka historycznaCzas trwania% Poprawnych
Średniowieczeod 476 r. do 1492 r.
98%
Starożytnośćod ok. 3500 lat p.n.e. do 476 r. n.e.
96%
Nowożytnośćod 1492 r. do 1789 r.
86%
Współczesnośćod 1914 r. do dziś
80%
Prehistoriaod ok. 3,3 mln lat temu do 3500 lat p.n.e.
78%
Epoka XIX wiekuod 1789 r. do 1914 r.
6%

Rozkład punktacji

Percentyl według liczby udzielonych odpowiedzi

Procent ludzi z każdym wynikiem

Twoja historia wyników

Nie rozwiązałeś tego quizu